00486cam a2200181 a 4500001000800000005001700008008004100025010001700066020001500083040001800098041000800116080001700124082002100141100000700162101000800169245006300177504006400240352518720180115094810.0960726s1997 nyua b 001 0 eng  a 96027586  a0070213828 aDLCcDLCdDLC aeng a621.3893 EVE00a621.3893 EVE2201 a39 aMED10aSound studio construction on a budget /cF. Alton Everest. aIncludes bibliographical references (p. 286-288) and index.